000 00688nam a22002057a 4500
003 koha_MIRAKIL
005 20260417123035.0
008 260417b tur||||| |||| 00| 0 tur d
020 _a9786256915671
040 _aTR-IsEVY
_btur
_cTR-IsEVY
041 _atur
082 _aFIC İPL/Ç
100 _aİplikçi, Müge
245 0 _aÇip, çöp ve Mia /
_cMüge İplikçi ; resimleyen Elahe Behin.
260 _aİstanbul :
_bGünışığı Kitaplığı,
_c2026.
300 _a120 s. :
_bresimli ;
_c18 cm.
650 _aÇocuk Edebiyatı.
_vÇocuk Hikayeleri.
_vEkoloji.
_vÇevre Kirliliği.
_vAtıklar.
_vSürdürülebilirlik.
700 1 _aBehin, Elahe.
_cresimleyen.
942 _2ddc
_cBK
999 _c23512
_d23512